| 000 | 00627cam a22002053a 4500 | ||
|---|---|---|---|
| 001 | 44431 | ||
| 003 | PGUSA | ||
| 005 | 20140828084020.0 | ||
| 008 | 131215s2013||||xxu|||||s|||||000 | eng d | ||
| 040 |
_aPGUSA _beng |
||
| 042 | _adc | ||
| 245 | 1 | 0 |
_aFour Hundred Humorous Illustrations, Vol 1 (of 2) : _bWith Portrait and Biographical Sketch _h[electronic resource] |
| 260 |
_bProject Gutenberg, _c2013 |
||
| 506 | _aPublic domain in the USA. | ||
| 516 | _aElectronic text | ||
| 700 | 1 |
_aCruikshank, George, _d1792-1878 |
|
| 830 | 0 |
_aProject Gutenberg _v44431 |
|
| 856 | 4 | 0 | _uhttp://www.gutenberg.org/ebooks/44431 |
| 942 | _cEB | ||
| 999 |
_c273682 _d273682 |
||